000 00681nam a22002177a 4500
003 DO-SdBNP
005 20211213123924.0
007 ta
008 211201b2021 dr ||||| |||| 00| 0 spa d
020 _a9789945930504
040 _aDO-SdBNP
_bspa
_cBNPHU
082 4 _222
100 1 _aHidalgo, Saulo
_9386
245 1 0 _aEl miedo no me dominará :
_bdescubra cómo sacar provecho de la adversidad /
_cSaulo Hidalgo Vargas.
260 _aSanto Domingo :
_bCorripio,
_bLevantate y Anda,
_c2021.
300 _a197 p. :
_bil., ;
_c22 cm.
500 _aIncluye datos del autor en la contracubierta.
590 _aInventariado, 2021 /LP
910 _aLopérez.
942 _2ddc
_cLBS1
999 _c51080
_d51080